| 000 | 00353nam a2200145Ia 4500 | ||
|---|---|---|---|
| 008 | 150201s2009 xx 000 0 und d | ||
| 082 |
_a610 _b2009M |
||
| 100 | _aMcPHEE,STEPHEN | ||
| 245 | _a2009 CURRENT MEDICAL DIAGNOSIS | ||
| 250 | _a2009 | ||
| 260 |
_bLANGE PUBLICATION _aNEW YORK _c2009 |
||
| 300 | _a1-178 | ||
| 650 | _aMEDICINE | ||
| 942 |
_2ddc _cBK |
||
| 999 |
_c4197 _d4197 |
||